[Event "Olomouc Chess Summer 2012 - Valoz Cup"]
[Site "Olomouc (CZE), Hotel Flora"]
[Date "2012.08.08"]
[Round "10.3"]
[White "Duda, Jan-Krzysztof"]
[Black "Chernyshov, Konstantin"]
[Result "1-0"]
[WhiteElo "2411"]
[BlackElo "2534"]
[PlyCount "103"]
[EventDate "2012.08.01"]

1. e4 e6 2. d4 d5 3. e5 c5 4. c3 Nc6 5. Nf3 Qb6 6. a3 Nh6 7. b4 cxd4 8. Bxh6
gxh6 9. cxd4 Bd7 10. Be2 Rg8 11. O-O Rg4 12. h3 Rxd4 13. Nxd4 Qxd4 14. Qxd4
Nxd4 15. Bd3 a5 16. bxa5 Rxa5 17. Ra2 Nc6 18. Re2 Bxa3 19. Nxa3 Rxa3 20. Bxh7
b5 21. Rb1 Na5 22. Ree1 Bc6 23. h4 Nc4 24. h5 Kf8 25. Rb4 Rc3 26. Bb1 Kg7 27.
Ba2 f6 28. Rb3 Rxb3 29. exf6+ Kxf6 30. Bxb3 Be8 31. g4 Ne5 32. Kg2 Nd3 33. Re3
Nf4+ 34. Kg3 d4 35. Re1 e5 36. f3 d3 37. Kf2 Bd7 38. Rc1 Be6 39. Rc6 d2 40.
Bxe6 d1=N+ 41. Ke1 Ne3 42. Bc4+ Kg5 43. Bxb5 Nh3 44. Kd2 Nd5 45. Rc5 Nhf4 46.
Bc4 Nb6 47. Rxe5+ Kh4 48. Bf7 Nc8 49. g5 hxg5 50. h6 Nd6 51. Re7 Nf5 52. h7 1-0

[Event "Olomouc Chess Summer 2012 - Valoz Cup"]
[Site "Olomouc (CZE), Hotel Flora"]
[Date "2012.08.08"]
[Round "10.4"]
[White "Arutinian, David"]
[Black "Biolek, Richard"]
[Result "0-1"]
[WhiteElo "2558"]
[BlackElo "2409"]
[PlyCount "88"]
[EventDate "2012.08.01"]

1. c4 Nc6 2. Nc3 e5 3. Nf3 Nf6 4. a3 a5 5. e3 Be7 6. b3 O-O 7. Bb2 h6 8. Qc2
Re8 9. d3 d5 10. cxd5 Nxd5 11. Be2 Nxc3 12. Bxc3 Qd6 13. O-O Bf5 14. Qb2 Bf6
15. Rfd1 Qe6 16. Nd2 Nd4 17. Nc4 Nxe2+ 18. Qxe2 e4 19. d4 Bg4 20. f3 Bh5 21. a4
Qd5 22. Rf1 exf3 23. gxf3 Bxd4 24. Bxd4 Qxd4 25. exd4 Rxe2 26. Rf2 Re7 27. d5
f6 28. Rd1 Bf7 29. Rfd2 Rd7 30. Kf2 Rad8 31. Nxa5 Rxd5 32. Nc4 Rxd2+ 33. Rxd2
Rxd2+ 34. Nxd2 Bd5 35. b4 Kf7 36. Ke3 f5 37. h4 g5 38. hxg5 hxg5 39. a5 Ke6 40.
b5 Kd6 41. Kd4 c6 42. bxc6 bxc6 43. a6 c5+ 44. Ke3 Kc6 0-1

[Event "Olomouc Chess Summer 2012 - Valoz Cup"]
[Site "Olomouc (CZE), Hotel Flora"]
[Date "2012.08.08"]
[Round "10.5"]
[White "Krejci, Jan"]
[Black "Bures, Jaroslav"]
[Result "1-0"]
[WhiteElo "2503"]
[BlackElo "2392"]
[PlyCount "97"]
[EventDate "2012.08.01"]

1. d4 Nf6 2. c4 e6 3. Nc3 Bb4 4. e3 c5 5. Nge2 b6 6. a3 Ba5 7. Rb1 Na6 8. g3
Bb7 9. d5 b5 10. Bg2 bxc4 11. O-O O-O 12. e4 exd5 13. Nxd5 Nc7 14. Nxf6+ Qxf6
15. Qxd7 Rfe8 16. Nc3 Rad8 17. Qg4 Qg6 18. Qxg6 hxg6 19. Be3 Bxc3 20. bxc3 Bxe4
21. Bxe4 Rxe4 22. Bxc5 a6 23. Bb6 Rc8 24. Bxc7 Rxc7 25. Rb2 Kh7 26. Rb6 Re2 27.
Rc1 Rd7 28. Rc6 Rdd2 29. Rf1 Rd3 30. Rxc4 Rc2 31. Rh4+ Kg8 32. Rb1 Rdxc3 33.
Kg2 f6 34. Rb8+ Kf7 35. Rb7+ Kg8 36. Rd4 Rxa3 37. Rdd7 Kh7 38. Rxg7+ Kh6 39.
Rgf7 Raa2 40. Rxf6 Kg5 41. Rf4 Kh6 42. h4 Rc8 43. g4 Rh8 44. Rff7 Rc2 45. Kg3
Rc3+ 46. f3 Rc1 47. g5+ Kh5 48. Rh7+ Rxh7 49. Rxh7# 1-0

[Event "Olomouc Chess Summer 2012 - Valoz Cup"]
[Site "Olomouc (CZE), Hotel Flora"]
[Date "2012.08.08"]
[Round "10.6"]
[White "Ben Artzi, Ido"]
[Black "Ponizil, Cyril"]
[Result "1-0"]
[WhiteElo "2268"]
[BlackElo "2396"]
[PlyCount "87"]
[EventDate "2012.08.01"]

1. d4 Nf6 2. c4 g6 3. Nc3 Bg7 4. e4 d6 5. f3 O-O 6. Be3 Nc6 7. Nge2 a6 8. Qd2
Rb8 9. Rc1 Bd7 10. b3 e6 11. g4 b5 12. cxb5 axb5 13. Bg2 b4 14. Nd1 Rb5 15. O-O
Ra5 16. Nf2 Qa8 17. Rc2 Qa6 18. g5 Nh5 19. f4 Ra8 20. f5 exf5 21. exf5 Rxf5 22.
Rfc1 d5 23. Nd3 Qb6 24. Nc5 Be8 25. Ng3 Nxg3 26. hxg3 Ra5 27. g4 Rxg5 28. Bxg5
Nxd4 29. Be3 Nxc2 30. Rxc2 c6 31. Ne6 d4 32. Bxd4 Bxd4+ 33. Qxd4 Qxd4+ 34. Nxd4
Rg5 35. Nxc6 Bxc6 36. Rxc6 Rxg4 37. Rc4 h5 38. Kf2 Kg7 39. Bf3 Rxc4 40. bxc4
Kf6 41. c5 Ke5 42. c6 Kd6 43. Kg3 f6 44. Kh4 1-0

[Event "Olomouc Chess Summer 2012 - Prima Pack C"]
[Site "Olomouc (CZE), Hotel Flora"]
[Date "2012.08.08"]
[Round "8.1"]
[White "Ptacnikova, Lenka"]
[Black "Villegas, Pierre"]
[Result "1/2-1/2"]
[WhiteElo "2281"]
[BlackElo "2249"]
[PlyCount "107"]
[EventDate "2012.08.01"]

1. c4 c5 2. g3 Nc6 3. Bg2 g6 4. Nc3 Bg7 5. e4 e6 6. Nge2 Nge7 7. d3 O-O 8. O-O
d6 9. a3 a5 10. Rb1 b6 11. Bg5 Ba6 12. Qd2 Rb8 13. Nb5 Qd7 14. Nec3 Nd4 15. b4
axb4 16. axb4 Nxb5 17. Nxb5 Bxb5 18. cxb5 Bd4 19. Rfc1 Nc8 20. Rc4 f6 21. Bh6
Rf7 22. Qa2 Qe8 23. Bh3 Ra7 24. Qe2 Rba8 25. Qg4 Kf7 26. Rbc1 g5 27. Qh5+ Ke7
28. Qxe8+ Kxe8 29. Bxe6 Ra1 30. h4 gxh4 31. gxh4 Ke7 32. Bd5 R8a3 33. Rxa1
Rxa1+ 34. Kg2 Ra3 35. bxc5 dxc5 36. e5 fxe5 37. Bg5+ Kf8 38. Rc2 Nd6 39. Bd8
Rxd3 40. Bxb6 Nxb5 41. Bxc5+ Bxc5 42. Rxc5 Nd6 43. Be6 Rd4 44. h5 Ke7 45. Rxe5
Re4 46. Rxe4 Nxe4 47. Bf5 Nxf2 48. Kxf2 h6 49. Kf3 Kf6 50. Kf4 Kg7 51. Ke5 Kh8
52. Kf6 Kg8 53. Kg6 Kh8 54. Be6 1/2-1/2

[Event "Olomouc Chess Summer 2012 - Prima Pack C"]
[Site "Olomouc (CZE), Hotel Flora"]
[Date "2012.08.08"]
[Round "8.2"]
[White "Chernyshova, Natalia"]
[Black "Biolek, Richard"]
[Result "0-1"]
[WhiteElo "2080"]
[BlackElo "2446"]
[PlyCount "114"]
[EventDate "2012.08.01"]

1. d4 Nc6 2. Nf3 d5 3. Bf4 Bg4 4. Nbd2 f6 5. h3 Bh5 6. c3 g5 7. Bh2 Bg6 8. Qb3
Rb8 9. e3 e6 10. c4 Nge7 11. cxd5 exd5 12. Rc1 Bg7 13. Bd3 Qd7 14. O-O Bf7 15.
Qa4 O-O 16. b4 a6 17. a3 Rfc8 18. Qc2 Bg6 19. Nb3 b6 20. Rfd1 Ra8 21. Bxg6 hxg6
22. Rd3 Na7 23. Nbd2 Nb5 24. a4 Nd6 25. Rc3 c6 26. Nb3 Nc4 27. Nfd2 b5 28. Nc5
Qe8 29. Ne6 Qf7 30. Nxg7 Kxg7 31. a5 Rh8 32. Qd1 Nf5 33. e4 Ne7 34. f3 Rhd8 35.
Nf1 Qe6 36. Ne3 dxe4 37. Nxc4 bxc4 38. Rxc4 e3 39. Qd3 Rac8 40. Kf1 Nd5 41. Qe4
Qd7 42. Qc2 Qb7 43. Rxc6 Rxc6 44. Qxc6 Qxb4 45. Bc7 Qd2 46. Kg1 Nb4 47. Qc5 Rd7
48. Kh2 Qxd4 49. Qxd4 Rxd4 50. Bb6 Rd3 51. Rc7+ Kg8 52. Bc5 Nd5 53. Rd7 e2 54.
Bf2 Rd1 55. Rd6 Nf4 56. Rxf6 Rf1 57. Bg3 Nh5 0-1

[Event "Olomouc Chess Summer 2012 - Prima Pack C"]
[Site "Olomouc (CZE), Hotel Flora"]
[Date "2012.08.08"]
[Round "8.4"]
[White "Bartos, Jan"]
[Black "Bjerke, Silje"]
[Result "1-0"]
[WhiteElo "2211"]
[BlackElo "2235"]
[PlyCount "81"]
[EventDate "2012.08.01"]

1. d4 Nf6 2. Nf3 c5 3. d5 g6 4. Nc3 Bg7 5. e4 d6 6. Bb5+ Nbd7 7. a4 O-O 8. O-O
a6 9. Be2 Rb8 10. Bg5 Ne8 11. Qd2 Nc7 12. Rab1 Ne5 13. Nxe5 Bxe5 14. Bh6 Re8
15. b4 cxb4 16. Rxb4 e6 17. f4 Bh8 18. dxe6 Nxe6 19. f5 Nc5 20. Bc4 Bf6 21.
fxg6 hxg6 22. Nd5 Be5 23. Ba2 Ne6 24. Qf2 Qd7 25. Nf6+ Bxf6 26. Qxf6 Qe7 27.
Qb2 Kh7 28. Be3 Rf8 29. Qc1 Ng7 30. Bd4 d5 31. Bxg7 Kxg7 32. Qb2+ Kg8 33. exd5
Bf5 34. d6 Qe3+ 35. Kh1 Be4 36. Qf6 Rbc8 37. Bxf7+ Rxf7 38. Qxf7+ Kh8 39. Qf6+
Kg8 40. Qe6+ Kg7 41. Rxe4 1-0

[Event "Olomouc Chess Summer 2012 - Prima Pack C"]
[Site "Olomouc (CZE), Hotel Flora"]
[Date "2012.08.08"]
[Round "8.5"]
[White "Jurek, Josef"]
[Black "Klima, Lukas"]
[Result "1/2-1/2"]
[WhiteElo "2318"]
[BlackElo "2372"]
[PlyCount "20"]
[EventDate "2012.08.01"]

1. d4 Nf6 2. c4 e6 3. Nc3 Bb4 4. e3 O-O 5. Bd3 c5 6. Nf3 d5 7. O-O Nc6 8. a3
Bxc3 9. bxc3 dxc4 10. Bxc4 Qc7 1/2-1/2

[Event "Olomouc Chess Summer 2012 - Open Olomouc"]
[Site "Olomouc (CZE), Hotel Flora"]
[Date "2012.08.08"]
[Round "8.1"]
[White "Garcia Roman, Daniel"]
[Black "Sivuk, Vitaly"]
[Result "1-0"]
[WhiteElo "2386"]
[BlackElo "2480"]
[PlyCount "105"]
[EventDate "2012.08.02"]

1. d4 f5 2. g3 Nf6 3. Bg2 g6 4. Nh3 Bg7 5. Nf4 Nc6 6. d5 Ne5 7. h4 Nf7 8. Nc3
e5 9. dxe6 dxe6 10. Qxd8+ Kxd8 11. h5 g5 12. Nd3 h6 13. f4 c6 14. e4 e5 15.
fxe5 Nxe4 16. Nxe4 fxe4 17. Bxe4 Nxe5 18. O-O Be6 19. Nc5 Bc4 20. Rd1+ Kc7 21.
b3 Bf7 22. Bb2 Rhd8 23. Rxd8 Rxd8 24. Rf1 Bg8 25. Nd3 Re8 26. Bg6 Re7 27. Bxe5+
Bxe5 28. Nxe5 Rxe5 29. Rf8 Be6 30. Rh8 Bd5 31. c4 Bf3 32. Rxh6 Re2 33. Rh8 Bxh5
34. Rxh5 Rxa2 35. c5 Rb2 36. Rh7+ Kb8 37. Rh8+ Kc7 38. Rh7+ Kb8 39. Rh8+ Kc7
40. Bf5 b5 41. Rh7+ Kb8 42. Rh6 Rxb3 43. Kf2 a5 44. Rxc6 a4 45. Rc8+ Kb7 46.
c6+ Kb6 47. Be6 Rb2+ 48. Ke3 a3 49. c7 b4 50. Bd5 Rb1 51. Kd4 Rg1 52. Ke5 a2
53. Kd6 1-0

[Event "Olomouc Chess Summer 2012 - Open Olomouc"]
[Site "Olomouc (CZE), Hotel Flora"]
[Date "2012.08.08"]
[Round "8.2"]
[White "Blahynka, Martin"]
[Black "Bilguun, Sumiya"]
[Result "1/2-1/2"]
[WhiteElo "2145"]
[BlackElo "2177"]
[PlyCount "105"]
[EventDate "2012.08.02"]

1. e4 c5 2. Nf3 e6 3. c4 d6 4. Nc3 Nf6 5. d4 cxd4 6. Nxd4 a6 7. Be2 Qc7 8. O-O
Nbd7 9. Be3 b6 10. Rc1 Bb7 11. f3 Be7 12. Qd2 O-O 13. Rfd1 Rac8 14. Bf1 Qb8 15.
Qf2 Bd8 16. b4 Bc7 17. g3 Qa8 18. Nb3 Rfe8 19. Bd4 d5 20. exd5 exd5 21. c5 bxc5
22. bxc5 Be5 23. Na4 Bxd4 24. Nxd4 Bc6 25. Nb6 Nxb6 26. cxb6 Nd7 27. Nf5 Re5
28. Bh3 Qb8 29. Nd4 Qd6 30. Nxc6 Rxc6 31. b7 Nb8 32. Qb2 Re8 33. Rxc6 Qxc6 34.
Rc1 Qh6 35. Rc8 Qe3+ 36. Kg2 h6 37. Qc2 g6 38. Rc7 Qe1 39. Rc8 Kh7 40. Rxe8
Qxe8 41. Bc8 Qe5 42. f4 Qd6 43. f5 Kg7 44. fxg6 fxg6 45. Qe2 Kf6 46. Qe3 g5 47.
Qd4+ Ke7 48. Bg4 Nc6 49. Qg7+ Kd8 50. Qg8+ Kc7 51. Qa8 Nb8 52. Qa7 d4 53. Kf2
1/2-1/2

[Event "Olomouc Chess Summer 2012 - Open Olomouc"]
[Site "Olomouc (CZE), Hotel Flora"]
[Date "2012.08.08"]
[Round "8.3"]
[White "Goluch, Piotr"]
[Black "Gagare, Shardul"]
[Result "1/2-1/2"]
[WhiteElo "2250"]
[BlackElo "2287"]
[PlyCount "89"]
[EventDate "2012.08.02"]

1. e4 c6 2. d4 d5 3. exd5 cxd5 4. c4 Nf6 5. Nc3 Nc6 6. Bg5 Qa5 7. Bxf6 exf6 8.
cxd5 Bb4 9. Qd2 Bxc3 10. bxc3 Qxd5 11. Nf3 O-O 12. Be2 Bg4 13. O-O Rfd8 14.
Rab1 b6 15. h3 Be6 16. c4 Qd6 17. d5 Ne7 18. a4 Bf5 19. Rb3 Nc6 20. Nd4 Nxd4
21. Qxd4 Re8 22. Bf3 Rac8 23. a5 Qc5 24. Qxc5 Rxc5 25. axb6 axb6 26. Rc1 Rb8
27. Rb5 Rxb5 28. cxb5 Bd3 29. d6 Bxb5 30. Rc7 Rd8 31. Rb7 Bc4 32. Rxb6 f5 33.
Bd1 f6 34. f4 Kf7 35. Bc2 g6 36. Rc6 Bd5 37. Rc7+ Kf8 38. Rxh7 Rxd6 39. g4 Rc6
40. Rd7 Rxc2 41. Rxd5 fxg4 42. hxg4 Rc4 43. g5 f5 44. Rd6 Kf7 45. Rd7+ 1/2-1/2

[Event "Olomouc Chess Summer 2012 - Open Olomouc"]
[Site "Olomouc (CZE), Hotel Flora"]
[Date "2012.08.08"]
[Round "8.4"]
[White "Narayanan, Srinath"]
[Black "Zilka, Stepan"]
[Result "1/2-1/2"]
[WhiteElo "2399"]
[BlackElo "2517"]
[PlyCount "20"]
[EventDate "2012.08.02"]

1. e4 c5 2. Nf3 d6 3. d4 cxd4 4. Nxd4 Nf6 5. Nc3 a6 6. h3 b5 7. g4 Bb7 8. Bg2
e5 9. Nf5 b4 10. Nd5 Nxd5 1/2-1/2

[Event "Olomouc Chess Summer 2012 - Open Olomouc"]
[Site "Olomouc (CZE), Hotel Flora"]
[Date "2012.08.08"]
[Round "8.5"]
[White "Schulz, Jens"]
[Black "Kanovsky, David"]
[Result "1-0"]
[WhiteElo "2263"]
[BlackElo "2441"]
[PlyCount "79"]
[EventDate "2012.08.02"]

1. e4 e6 2. d4 d5 3. Nc3 Bb4 4. e5 c5 5. a3 Bxc3+ 6. bxc3 Ne7 7. Qg4 Qc7 8.
Qxg7 Rg8 9. Qxh7 cxd4 10. Ne2 Nbc6 11. f4 dxc3 12. Qd3 Bd7 13. Rb1 d4 14. Rg1
O-O-O 15. g4 Nd5 16. Nxd4 Nxd4 17. Qxd4 Kb8 18. h4 Bc6 19. Be2 f6 20. h5 Qh7
21. exf6 Qxc2 22. Bd3 Qh2 23. f7 Rgf8 24. Qf2 Qxf2+ 25. Kxf2 Rxf7 26. Kg3 e5
27. fxe5 Nf4 28. Bc4 Nxh5+ 29. gxh5 c2 30. Ra1 Rf3+ 31. Kh4 Rd1 32. Bh6 Rd4+
33. Rg4 Rd1 34. Rg1 Rd4+ 35. Rg4 Rd1 36. Rc1 Rf2 37. e6 Rh2+ 38. Kg3 Rxh5 39.
Bf4+ Kc8 40. Rg8+ 1-0

[Event "Olomouc Chess Summer 2012 - Open Olomouc"]
[Site "Olomouc (CZE), Hotel Flora"]
[Date "2012.08.08"]
[Round "8.6"]
[White "Camarena Gimenez, Rufino"]
[Black "Furman, Boris"]
[Result "1/2-1/2"]
[WhiteElo "2396"]
[BlackElo "2255"]
[PlyCount "112"]
[EventDate "2012.08.02"]

1. d4 Nf6 2. c4 e6 3. Nf3 d5 4. g3 Bb4+ 5. Bd2 a5 6. Qc2 O-O 7. Bg2 Nc6 8. O-O
Re8 9. Rd1 Bd7 10. Bg5 Be7 11. Ne5 Nxe5 12. dxe5 Ng4 13. Bxe7 Rxe7 14. cxd5
exd5 15. Bxd5 c6 16. Be4 Qb6 17. e3 h6 18. Nc3 Nxe5 19. Rd6 Re6 20. Rad1 Rxd6
21. Rxd6 Qc7 22. Rd4 Rc8 23. Kg2 Be6 24. h3 Qe7 25. Qe2 b5 26. Bb1 b4 27. Qc2
f5 28. Ne2 c5 29. Rd1 Qb7+ 30. e4 fxe4 31. Qxe4 Qxe4+ 32. Bxe4 Bxa2 33. Ra1 Bc4
34. Nf4 Bf7 35. Nd5 Rd8 36. Ne3 Nc4 37. Nxc4 Bxc4 38. Rxa5 Bd5 39. Kf3 Rf8+ 40.
Ke3 Bxe4 41. Kxe4 Rxf2 42. Rxc5 Rxb2 43. Rc7 Rb3 44. Kf4 Rb1 45. Rb7 b3 46. h4
b2 47. Kg4 g6 48. Rb8+ Kf7 49. Rb7+ Kf6 50. Rb6+ Ke5 51. Rb5+ Kd4 52. Rb8 Ke3
53. Rb3+ Kf2 54. Rf3+ Kg2 55. Rb3 Kh2 56. Rb4 Kg2 1/2-1/2

[Event "Olomouc Chess Summer 2012 - Open Olomouc"]
[Site "Olomouc (CZE), Hotel Flora"]
[Date "2012.08.08"]
[Round "8.7"]
[White "Piankov, Evgenij"]
[Black "Chudinovskikh, Alexander M"]
[Result "0-1"]
[WhiteElo "2338"]
[BlackElo "2248"]
[PlyCount "78"]
[EventDate "2012.08.02"]

1. d4 Nf6 2. c3 d5 3. Nf3 Bf5 4. Qb3 b6 5. Bg5 e6 6. Nh4 h6 7. Nxf5 hxg5 8. Ne3
c5 9. g3 Nc6 10. Bg2 Qd7 11. dxc5 Bxc5 12. Nd1 Ne4 13. Qc2 f5 14. Nd2 Rc8 15.
Nb3 Be7 16. f3 Nd6 17. e3 e5 18. Qe2 a5 19. a4 Qe6 20. Nd2 e4 21. f4 gxf4 22.
exf4 d4 23. O-O g5 24. fxg5 Bxg5 25. h4 Bf6 26. Bh3 Qe5 27. Nxe4 fxe4 28. Bxc8
Nxc8 29. Qg4 N8e7 30. Qf4 Rg8 31. Kg2 Nd5 32. Qxe5+ Bxe5 33. cxd4 Rxg3+ 34. Kh1
Rh3+ 35. Kg2 Rh2+ 36. Kg1 Nxd4 37. Rf2 Nf3+ 38. Rxf3 exf3 39. Nf2 Rg2+ 0-1

[Event "Olomouc Chess Summer 2012 - Open Olomouc"]
[Site "Olomouc (CZE), Hotel Flora"]
[Date "2012.08.08"]
[Round "8.8"]
[White "Volodin, Viktor"]
[Black "Ageichenko, Genadi A"]
[Result "1/2-1/2"]
[WhiteElo "2205"]
[BlackElo "2329"]
[PlyCount "41"]
[EventDate "2012.08.02"]

1. Nf3 d5 2. d4 Nf6 3. c4 e6 4. g3 c5 5. cxd5 exd5 6. Bg2 Nc6 7. O-O Be7 8. Nc3
O-O 9. b3 Bg4 10. Bb2 Re8 11. h3 Bf5 12. Rc1 Qd7 13. Kh2 Rad8 14. Na4 cxd4 15.
Nxd4 Be4 16. Nxc6 bxc6 17. Nc5 Bxc5 18. Bxf6 Bxg2 19. Kxg2 Be7 20. Bxe7 Rxe7
21. e3 1/2-1/2

[Event "Olomouc Chess Summer 2012 - Open Olomouc"]
[Site "Olomouc (CZE), Hotel Flora"]
[Date "2012.08.08"]
[Round "8.9"]
[White "Zakharchenko, Arnold"]
[Black "Nikolaev, Leonid"]
[Result "0-1"]
[WhiteElo "2197"]
[BlackElo "2271"]
[PlyCount "66"]
[EventDate "2012.08.02"]

1. d4 d5 2. c4 e6 3. Nc3 c5 4. cxd5 exd5 5. Nf3 Nc6 6. g3 Nf6 7. Bg2 Be7 8. O-O
O-O 9. dxc5 d4 10. Na4 Bf5 11. a3 Be4 12. b4 Qd5 13. Nb2 a5 14. b5 Ne5 15. Nd3
Nc4 16. Nf4 Qxc5 17. Qxd4 Qxb5 18. a4 Qa6 19. Nd2 Bxg2 20. Kxg2 Nxd2 21. Bxd2
Rad8 22. Qb2 Ne4 23. Rad1 Nxd2 24. Rxd2 Qc6+ 25. Kg1 Rxd2 26. Qxd2 Qxa4 27. Nd5
Bc5 28. Rb1 Qc6 29. e4 b6 30. Kg2 f5 31. f3 fxe4 32. fxe4 Qe6 33. Qd3 Rf2+ 0-1

[Event "Olomouc Chess Summer 2012 - Open Olomouc"]
[Site "Olomouc (CZE), Hotel Flora"]
[Date "2012.08.08"]
[Round "8.10"]
[White "Sokolski, Aleksander"]
[Black "Cagasik, Tomas"]
[Result "1-0"]
[WhiteElo "1950"]
[BlackElo "2266"]
[PlyCount "51"]
[EventDate "2012.08.02"]

1. d4 Nf6 2. c4 e6 3. Nc3 Bb4 4. Bg5 c5 5. d5 h6 6. Bh4 Bxc3+ 7. bxc3 d6 8. e3
g5 9. Bg3 Ne4 10. Qc2 Nxg3 11. hxg3 Qf6 12. Bd3 Nd7 13. Nf3 Ne5 14. Nd2 Ke7 15.
Rb1 b6 16. f3 Qg7 17. g4 Ba6 18. Be4 Nxc4 19. dxe6 Na3 20. Qa4 Nxb1 21. Qd7+
Kf6 22. e7 Bc8 23. e8=N+ Rxe8 24. Qxe8 Bb7 25. Qd7 Qf8 26. Bxb7 1-0

[Event "Olomouc Chess Summer 2012 - Open Olomouc"]
[Site "Olomouc (CZE), Hotel Flora"]
[Date "2012.08.08"]
[Round "8.11"]
[White "Plat, Vojtech"]
[Black "Sochorova, Petra"]
[Result "1-0"]
[WhiteElo "2480"]
[BlackElo "2214"]
[PlyCount "141"]
[EventDate "2012.08.02"]

1. b3 e5 2. Bb2 Nc6 3. c4 d6 4. e3 Nf6 5. Ne2 Bf5 6. Ng3 Bg6 7. Be2 h5 8. h4
Ne4 9. Nxe4 Bxe4 10. d3 Bg6 11. Nc3 Qd7 12. a3 a5 13. Bf3 Be7 14. g3 Kf8 15. d4
Re8 16. O-O Kg8 17. Nd5 Bf5 18. b4 e4 19. Bg2 Bd8 20. f3 exf3 21. Bxf3 Bg4 22.
Qd3 Bxf3 23. Rxf3 Qg4 24. Qf5 Qxf5 25. Rxf5 Ne7 26. Nxe7+ Rxe7 27. Kf2 a4 28.
Ra5 c6 29. Rxa4 Kh7 30. Ra8 Rhe8 31. Re1 d5 32. cxd5 cxd5 33. Rc8 Bc7 34. Rxe8
Rxe8 35. Kf3 Kg6 36. a4 Bd6 37. b5 Rc8 38. Rc1 Ra8 39. Ra1 Bb4 40. e4 dxe4+ 41.
Kxe4 Re8+ 42. Kf3 b6 43. Rc1 Kf5 44. Rc6 Re1 45. d5 Rd1 46. Bxg7 Rd3+ 47. Ke2
Rxg3 48. Bd4 Ra3 49. d6 Rxa4 50. d7 Be7 51. Bf6 Ra2+ 52. Ke1 Ra7 53. Bxe7 Rxd7
54. Bg5 Ke4 55. Rxb6 Kd3 56. Rc6 Rd5 57. b6 Rb5 58. Rf6 Rb2 59. Rxf7 Rxb6 60.
Rh7 Ke4 61. Rxh5 Kf3 62. Rh8 Re6+ 63. Kd2 Rd6+ 64. Kc3 Kg4 65. Rd8 Rc6+ 66. Kd4
Kf5 67. Rd5+ Kg6 68. Bf4 Rc2 69. h5+ Kh7 70. Rd7+ Kh8 71. h6 1-0

[Event "Olomouc Chess Summer 2012 - Open Olomouc"]
[Site "Olomouc (CZE), Hotel Flora"]
[Date "2012.08.08"]
[Round "8.12"]
[White "Dolezal, Radoslav"]
[Black "Miturova, Magdalena"]
[Result "1/2-1/2"]
[WhiteElo "2374"]
[BlackElo "2139"]
[PlyCount "45"]
[EventDate "2012.08.02"]

1. Nf3 Nc6 2. e4 e5 3. Be2 Nf6 4. d3 d5 5. Nbd2 Bc5 6. O-O O-O 7. c3 a5 8. Qc2
Re8 9. b3 Bd6 10. a3 Ne7 11. Re1 Ng6 12. Bf1 c6 13. g3 h6 14. Bg2 Bc7 15. Nf1
Be6 16. Rb1 Nh7 17. b4 axb4 18. axb4 Qf6 19. h4 dxe4 20. dxe4 Ra2 21. Rb2 Rxb2
22. Bxb2 b5 23. Bc1 1/2-1/2

[Event "Olomouc Chess Summer 2012 - Open Olomouc"]
[Site "Olomouc (CZE), Hotel Flora"]
[Date "2012.08.08"]
[Round "8.13"]
[White "Soban, Jaroslav"]
[Black "Gagarin, Vasilij"]
[Result "1/2-1/2"]
[WhiteElo "2150"]
[BlackElo "2372"]
[PlyCount "42"]
[EventDate "2012.08.02"]

1. e4 c5 2. f4 d5 3. exd5 Nf6 4. Nc3 Nxd5 5. Nf3 g6 6. Bc4 Nxc3 7. bxc3 Bg7 8.
O-O O-O 9. Ne5 Qc7 10. Qf3 e6 11. Rb1 f6 12. Nd3 Nc6 13. f5 Ne5 14. Nxe5 fxe5
15. Qg4 gxf5 16. Rxf5 Rxf5 17. Qxf5 Qf7 18. Qg5 Qf6 19. Qh5 Qf7 20. Qg5 Qf6 21.
Qh5 Qf7 1/2-1/2

[Event "Olomouc Chess Summer 2012 - Open Olomouc"]
[Site "Olomouc (CZE), Hotel Flora"]
[Date "2012.08.08"]
[Round "8.14"]
[White "Piscopo, Pierluigi"]
[Black "Woellermann, Jan"]
[Result "1-0"]
[WhiteElo "2364"]
[BlackElo "2124"]
[PlyCount "44"]
[EventDate "2012.08.02"]

1. e4 c5 2. Nf3 Nc6 3. Bb5 g6 4. c3 Nf6 5. e5 Nd5 6. O-O Bg7 7. d4 cxd4 8. cxd4
O-O 9. Nc3 Nc7 10. Bg5 Nxb5 11. Nxb5 a6 12. Nd6 b5 13. Re1 Qb6 14. Ne4 Re8 15.
Nc5 Ra7 16. Rc1 Na5 17. d5 d6 18. Ne4 Ra8 19. exd6 Bg4 20. dxe7 Bxb2 21. d6
Bxc1 22. Bxc1 Bxf3 1-0

[Event "Olomouc Chess Summer 2012 - Open Olomouc"]
[Site "Olomouc (CZE), Hotel Flora"]
[Date "2012.08.08"]
[Round "8.15"]
[White "Sergienko, Vladislav"]
[Black "Kireev, Aleksei"]
[Result "1-0"]
[WhiteElo "2191"]
[BlackElo "2345"]
[PlyCount "77"]
[EventDate "2012.08.02"]

1. d4 g6 2. Nf3 Bg7 3. c4 d6 4. g3 Nd7 5. Bg2 Ngf6 6. Nc3 O-O 7. O-O c6 8. e4
e5 9. h3 Ne8 10. Re1 Qe7 11. b3 f5 12. Bg5 Qf7 13. exf5 gxf5 14. d5 c5 15. Bd2
h6 16. g4 fxg4 17. hxg4 Nb6 18. g5 Bg4 19. Re3 Qh5 20. Ne4 hxg5 21. Ng3 Qg6 22.
Qe1 e4 23. Nh2 Bf5 24. Nxf5 Qxf5 25. Bh3 Qxf2+ 26. Qxf2 Rxf2 27. Kxf2 Bxa1 28.
Rxe4 Nf6 29. Re7 Rf8 30. Kg2 Kh8 31. Rxb7 Rg8 32. Be6 Rg7 33. Rb8+ Ng8 34. Ng4
Nd7 35. Rd8 Ndf6 36. Nxf6 Bxf6 37. Rxd6 Be7 38. Rd7 Nf6 39. Rxa7 1-0

[Event "Olomouc Chess Summer 2012 - Open seniorù"]
[Site "Olomouc (CZE), Hotel Flora"]
[Date "2012.08.08"]
[Round "8.1"]
[White "Vorobyov, Yrij"]
[Black "Burda, Josef"]
[Result "1-0"]
[WhiteElo "2254"]
[BlackElo "1901"]
[PlyCount "93"]
[EventDate "2012.08.01"]

1. Nf3 c5 2. c4 Nf6 3. d4 cxd4 4. Nxd4 Qc7 5. Nc3 a6 6. e4 g6 7. Be3 Bg7 8. Be2
d6 9. f3 O-O 10. Qd2 Nc6 11. Rc1 e6 12. O-O Rb8 13. Rfd1 Nxd4 14. Bxd4 Ne8 15.
Bxg7 Kxg7 16. Qd4+ f6 17. Kh1 b6 18. f4 Qc5 19. g3 Qxd4 20. Rxd4 Bb7 21. Kg1
Bc6 22. b4 Rf7 23. b5 Bb7 24. bxa6 Bxa6 25. Nb5 Bxb5 26. cxb5 Ra7 27. a4 Kf8
28. Bd1 Ke7 29. Rdc4 Kd7 30. f5 gxf5 31. exf5 exf5 32. Bf3 d5 33. Bxd5 Kd6 34.
Bc6 Ke6 35. Rh4 Nd6 36. Re1+ Ne4 37. g4 Kd6 38. gxf5 Rg8+ 39. Kf1 Nd2+ 40. Ke2
Nb3 41. Rd1+ Kc7 42. Rxh7+ Kb8 43. Rxa7 Kxa7 44. Rd7+ Kb8 45. Rb7+ Kc8 46. Rxb6
Nc5 47. Bd5 1-0

[Event "Olomouc Chess Summer 2012 - Open seniorù"]
[Site "Olomouc (CZE), Hotel Flora"]
[Date "2012.08.08"]
[Round "8.2"]
[White "Fiala, Jiri"]
[Black "Prachar, Josef"]
[Result "1-0"]
[WhiteElo "2006"]
[BlackElo "1950"]
[PlyCount "85"]
[EventDate "2012.08.01"]

1. d4 Nf6 2. Nf3 d5 3. Bf4 e6 4. e3 Bd6 5. Ne5 O-O 6. Nd2 b6 7. Bd3 Bb7 8. Qf3
c5 9. c3 Nc6 10. Qh3 Ne7 11. O-O Ng6 12. Bxg6 hxg6 13. Nxg6 Nh7 14. Nxf8 Bxf8
15. Nf3 Ba6 16. Rfe1 Bd3 17. Ne5 Bb5 18. Rad1 Be8 19. Nf3 Be7 20. Qg3 c4 21. h4
f6 22. Qh3 Bd7 23. Qh2 Ba4 24. Rd2 g6 25. e4 dxe4 26. Rxe4 Qd5 27. Rde2 Bd7 28.
Nd2 Rc8 29. f3 e5 30. g4 Bc6 31. dxe5 Bc5+ 32. Be3 Qd3 33. Bxc5 Bxe4 34. Nxe4
bxc5 35. exf6 Qxf3 36. Qg2 Qd3 37. Qf2 Qh3 38. Qg2 Qxh4 39. Nd6 Rc7 40. Qd5+
Kh8 41. Re8+ Nf8 42. Rxf8+ Kh7 43. Qh1 1-0

[Event "Olomouc Chess Summer 2012 - Open seniorù"]
[Site "Olomouc (CZE), Hotel Flora"]
[Date "2012.08.08"]
[Round "8.3"]
[White "Zdrazil, Bohumir"]
[Black "Puobis, Jozef"]
[Result "1-0"]
[WhiteElo "1917"]
[BlackElo "1908"]
[PlyCount "115"]
[EventDate "2012.08.01"]

1. d4 d5 2. Nf3 Nf6 3. c4 dxc4 4. e3 Nbd7 5. Bxc4 Nb6 6. Bb3 Bf5 7. Nc3 e6 8.
O-O Bd6 9. Qe2 Ne4 10. Bc2 Nxc3 11. bxc3 Bg4 12. e4 O-O 13. h3 Bh5 14. e5 Be7
15. Be4 c6 16. Qd3 Bg6 17. Bxg6 fxg6 18. Rb1 Qd5 19. Qe2 Rab8 20. Be3 Rf5 21.
Ne1 Nc4 22. Bc1 b5 23. Nd3 Rbf8 24. f3 a5 25. Rd1 Bg5 26. Qe4 Qd7 27. Nc5 Qe8
28. Bxg5 Rxg5 29. Qe2 Qf7 30. Rf1 Rf5 31. Rbe1 Qe7 32. Kh2 g5 33. Kh1 h5 34.
Kg1 Re8 35. Rf2 h4 36. Qe4 Rc8 37. Ref1 Rf4 38. Qg6 Re8 39. Ne4 Rf5 40. f4 Ref8
41. Nxg5 Rxg5 42. fxg5 Rxf2 43. Rxf2 Ne3 44. Rf6 Nd5 45. Rxe6 Nf4 46. Rxe7 Nxg6
47. Rc7 b4 48. Rxc6 bxc3 49. Rxc3 Ne7 50. Rc5 Kf7 51. Rxa5 Ke6 52. Ra7 Nf5 53.
g6 Kd5 54. Rf7 Nxd4 55. Rxg7 Kxe5 56. Kf2 Ke6 57. Rf7 Nf5 58. Rxf5 1-0